000
00337nam a22001577a 4500
003
SGT
082
_a
617.51
_b
S15B
100
_a
BHARGAVA, K.B.
245
_a
A SHORT BOOK OF ENT DISEASES
250
_a
10TH
260
_a
MUMBAI
_b
USHA PUB
_c
2015
300
_a
478
650
_a
HOMOEOPATHIC
653
_a
ENT,DISEASE
942
_2
ddc
_c
BK
999
_c
18517
_d
18517